000 00821nam a22002417a 4500
001 BR8801396
003 BR-BrBNA
005 20240118094323.0
007 ta
008 230509b bl.||||| |||| 00| 0 por d
040 _aBR-BrBNA
_bpor
_cBiblioteca Nacional de Agricultura
041 _a(Por)
072 _aA01
090 _aA01
_bBR8801396
110 1 _aEmpresa Brasileira de Pesquisa Agropecuaria, Brasilia, DF (Brasil). Depto. de Difusao de Tecnologia
_93839
111 1 _a5. Congresso Brasileiro de Iniciacao Cientifica em Ciencias Agrarias
_cBrasilia, DF (Brazil)
_d2-6 Sep 1985
245 1 _aResumos do 5. Congresso Brasileiro de Iniciacao Cientifica em Ciencias Agrarias
260 3 _aBrasilia, DF (Brasil):
_c1985.
300 _a277 p.
500 _aSummary only
650 _aAGRICULTURA
942 _cBK
_2AGRIS
999 _c41637
_d41637